000 00538nam a2200181Ia 4500
008 151202s9999||||xx |||||||||||||| ||und||
082 _bPNVM-57696
100 _aकाळे व.पु.
245 _aवन फॉर द रोड.
260 _b"मेनका प्रकाशन,पुणे."
260 _c1985
300 _a140
600 _aकाळे व.पु.
630 _aवन फॉर द रोड.
700 _aकाळे व.पु.
730 _aवन फॉर द रोड.
942 _cBOOK
999 _c1324234
_d1324231